000 00859nam a2200277 i 4500
001 bg
100 1 _aMano, M. Morris.
245 1 0 _aArchitektura komputerów /
_cM. Morris Mano ; z ang. tł. Piotr Parewicz, Witold Włodarski.
246 _iTyt. oryg.:
_aComputer system architecture
250 _aWyd.2 zm.
260 _aWarszawa :
_bWydawnictwa Naukowo-Techniczne,
_c1988.
300 _a389 s. :
_brys. ;
_c24 cm.
500 _aOryg. : "Computer system architecture" 1982.
504 _aBibliogr. s. 385 i przy rozdz.
650 9 _aKomputery
_xbudowa i organizacja
650 9 _aKomputery
_xprogramowanie
655 _aPodręczniki akademickie
020 _a8320408881
040 _cBPK
041 1 _apol
_heng
080 _a004
080 _a(075.8)
920 _a83-204-0888-1
942 _cKS
008 s pl f |000 0 pol
999 _c32530
_d32530
856 _uhttp://koha.tu.koszalin.pl/cgi-bin/koha/opac-detail.pl?biblionumber=32530
_yKatalog online BPK